| Поле | Инд. | ПП | Название | Значение |
|---|---|---|---|---|
| Тип записи | a | |||
| Библиографический уровень | m | |||
| 001 | Контрольный номер | RU/IS/BASE/237911120 | ||
| 005 | Дата корректировки | 20230124121412.5 | ||
| 020 | a | ISBN | 985-438-123-4 | |
| 040 | b | Код языка каталог. | rus | |
| 041 | 0_ | a | Код языка текста | rus |
| 080 | a | Индекс УДК | 004.42 | |
| 084 | a | Индекс другой классификации/Индекс ББК | 32.973 | |
| 090 | a | Полочн. индекс | 681.3 | |
| x | Авторский знак | Х24 | ||
| 097 | b | Оператор | 02 | |
| 100 | 1_ | a | Автор | Хасс Д. |
| 245 | 10 | a | Заглавие | CorelPHOTO-PAINT 6 |
| b | Продолж. заглавия | официальное руководство | ||
| c | Ответственность | пер. с англ. | ||
| 260 | a | Место издания | Мн. | |
| b | Издательство | Попурри | ||
| c | Дата издания | 1997 | ||
| 300 | a | Объем | 432 с. | |
| 510 | 0_ | a | Примечание о ссылках | Книги и методические пособия |
| 650 | 04 | a | Основная рубрика | 50.41 Программное обеспечение вычислительных машин, комплексов и сетей |
| x | Основная подрубрика | 50.41.25 Прикладное программное обеспечение | ||
| 653 | 0_ | a | Ключевые слова | CorelPHOTO-PAINT; прикладные программы; программы (выч. техника) |
| 901 | t | Тип документа | m |